| 000 | 00913nam a22003137a 4500 | ||
|---|---|---|---|
| 001 | BR7200556 | ||
| 003 | BR-BrBNA | ||
| 005 | 20230928083805.0 | ||
| 007 | ta | ||
| 008 | 230509b bl.||||| |||| 00| 0 por d | ||
| 040 |
_aBR-BrBNA _bpor _cBiblioteca Nacional de Agricultura |
||
| 041 | _a(Por) | ||
| 072 |
_aF00 _b2480 |
||
| 090 | _ 2480 BR7200556 | ||
| 100 | 1 | _aPinheiro, E. | |
| 110 | 1 |
_aSuperintendencia da Borracha, Rio de Janeiro, RJ (Brasil) _910023 |
|
| 245 | 1 |
_aGuia pratico do plantio de borracha para seringueiros [Seringueira; Hevea spp] _bCartilha do seringueiro, no. 1 |
|
| 260 | 3 |
_aRio de Janeiro, RJ (Brasil): _c[nd]. |
|
| 300 | _a51 p. | ||
| 500 | _a35 illus.; Published 1972? | ||
| 650 | _aSERINGUEIRA | ||
| 650 | _aBORRACHA | ||
| 650 | _aPLANTIO | ||
| 650 | _aADUBACAO | ||
| 650 | _aDEFESA VEGETAL | ||
| 650 | _aSANGRIA | ||
| 909 |
_a202309 _bLucia _c55 _dLucia Elande |
||
| 942 | _cBK | ||
| 999 |
_c15249 _d15249 |
||